[Event "1st Gujarat GM Open 2018"]
[Site "Ahmedabad"]
[Date "2018.10.11"]
[Round "9"]
[White "Gaikwad, Siddhant"]
[Black "Kulkarni, Vinayak"]
[Result "1/2-1/2"]
[WhiteElo "1996"]
[BlackElo "2203"]
[Annotator "TA"]
[PlyCount "130"]
[EventDate "2018.10.05"]
[EventType "swiss"]
[EventCountry "IND"]
[SourceTitle "playchess.com"]
[Source "ChessBase"]
[SourceQuality "1"]

{[%evp 9,129,-28,-18,-16,21,29,63,-11,104,0,33,0,0,0,44,-18,2,-38,-46,-46,-54,-72,-29,-31,-27,-37,-34,-39,-44,-37,-35,-35,-39,-45,-14,-11,-14,-18,-12,-19,-9,-17,0,0,0,0,0,0,0,0,0,0,0,-40,-40,-40,-8,-8,0,0,0,0,0,0,0,0,0,0,0,0,0,0,0,0,0,0,0,0,0,0,0,0,0,0,0,0,0,0,0,0,0,0,0,0,0,0,0,-18,0,-18,0,-18,0,0,0,0,0,0,0,0,0,-8,0,0,0,0,0,0,0,0,0,0]} 1. e4 c5 2. Nf3 Nc6 3. b4 cxb4 4. d4 d5 5. exd5 Qxd5 6. c4 {B30: Sicilian: 2...Nc6 3 Bb5, lines without ...g6} Qd6 (6... bxc3 $5 7. Nxc3 Qa5 $11) (6... bxc3 7. Nxc3 Qa5 8. Bd2 e6 9. Rb1 Nf6 10. Bb5 Qd8 11. O-O Be7 12. Ne5 Bd7 13. Ba4 Qc8 14. Bg5 O-O 15. Rc1 {½-½ (91) Christiansen,J (2492)-Agdestein,S (2586) Drammen 2018}) 7. Bb2 Bg4 8. Nbd2 $146 ({White should try} 8. d5 $14) ({Predecessor:} 8. d5 O-O-O 9. Nbd2 Nb8 10. Qa4 e6 11. Ne5 Nh6 12. Ne4 Qa6 13. Qb3 Qa5 14. Nxg4 Nxg4 {1-0 (31) Bolding,K (2335)-Jancu,J (2230) France 1998}) 8... e5 (8... e6 $1 $11 {remains equal.}) 9. dxe5 (9. d5 $16) 9... Qh6 10. Qc2 O-O-O 11. Be2 f6 12. Qe4 (12. Ne4 $14) 12... Qg6 13. exf6 Nxf6 14. Qxg6 hxg6 15. O-O-O Bd6 16. h3 Bf5 17. g4 Rhe8 18. gxf5 {[#] Black must now prevent Rhe1.} Rxe2 19. Bxf6 gxf6 20. fxg6 Bf4 21. g7 Ne7 22. Kc2 Rxf2 {With the idea ...Nf5.} 23. Rhf1 Rxf1 24. Rxf1 Rg8 25. Ne4 f5 26. Nd4 fxe4 27. Rxf4 {[#] Threatens to win with Rf8+.} Rxg7 28. Rxe4 Nc6 29. Nxc6 bxc6 $11 {[%mdl 4096] Endgame KR-KR} 30. Kb3 a5 {[%cal Ba7a5,Ba5a4][%mdl 32] aiming for ...Rg3+.} 31. Re5 Rg3+ 32. Kb2 a4 {next ...Kb7 is good for Black.} 33. c5 {The position is equal.} Rg2+ 34. Kb1 a3 35. Re4 Rb2+ 36. Ka1 Kb7 37. h4 Ka6 38. h5 Rh2 (38... Kb5 $5 39. Rh4 $8 Rf2 $11) 39. Rxb4 Rh1+ 40. Rb1 Rxh5 41. Rc1 Kb5 42. Kb1 Kb4 43. Rc2 Rh4 44. Rc1 Kb5 45. Rc2 Rg4 46. Rc1 Rb4+ 47. Ka1 Ka4 48. Rc3 Rd4 49. Kb1 Rb4+ 50. Ka1 Rg4 {( -> ...Rg1+)} 51. Kb1 Kb4 52. Rc2 Kb5 ({Resist} 52... Rg1+ 53. Rc1 $17) 53. Rc1 Rf4 54. Rc2 Rb4+ 55. Ka1 Rc4 (55... Rd4 {keeps more tension.} 56. Kb1 Rd3 57. Kc1 Kb4 58. Kb1 Re3) 56. Rxc4 Kxc4 57. Kb1 Kxc5 {Hoping for ...Kb4. KPP-KP} 58. Kc2 Kc4 59. Kd2 Kd4 {White should prevent ...Kc4.} 60. Kc2 c5 {[%cal Bc6c5,Bc5c4,Bc4c3,Bc3c2][%mdl 32]} (60... Ke3 $5) 61. Kd2 $1 c4 (61... Kc4 $5) 62. Kc2 c3 63. Kc1 Kd3 64. Kd1 c2+ 65. Kc1 Kc3 $2 {[%mdl 8192] Precision: White = 61%, Black = 48%.} (65... Kd4) 1/2-1/2

[Event "1st Gujarat GM Open 2018"]
[Site "Ahmedabad"]
[Date "2018.10.11"]
[Round "9"]
[White "Mulay, Pratik"]
[Black "Dahale, Atul"]
[Result "0-1"]
[WhiteElo "1983"]
[BlackElo "2171"]
[Annotator "TA"]
[PlyCount "78"]
[EventDate "2018.10.05"]
[EventType "swiss"]
[EventCountry "IND"]
[SourceTitle "playchess.com"]
[Source "ChessBase"]
[SourceQuality "1"]

{[%evp 24,78,14,0,0,1,0,0,17,23,70,72,87,87,90,94,88,77,111,90,69,35,45,45,28,26,53,54,87,75,74,32,29,0,20,-53,-72,-79,-82,-81,-85,-85,-42,-101,-91,-136,-71,-97,-96,-135,-136,-243,-251,-259,-251,-645,-259]} 1. e4 g6 2. c4 Bg7 3. Nc3 d6 4. g3 Nf6 5. Bg2 O-O 6. Nge2 c5 7. O-O Nc6 8. d3 a6 9. h3 Rb8 10. a4 Bd7 11. Be3 Ne8 12. d4 cxd4 13. Nxd4 Nc7 {A36: Symmetrical English vs ...g6: 4 Bg2 Bg7} 14. Nd5 (14. Kh2 Ne6 15. Nde2 Na5 16. b3 b5 17. cxb5 axb5 18. b4 Nc4 19. Ba7 bxa4 20. Bxb8 Qxb8 21. Nd5 {0-1 (46) Alekseev,E (2632)-Mamedyarov,S (2674) Istanbul 2005}) 14... Ne6 {[%cal Rg7d4]} 15. Nxe6 fxe6 {The position is equal.} 16. Nb6 $1 e5 $146 ({Predecessor:} 16... Be8 17. Qd2 e5 18. a5 Nd4 19. Bxd4 exd4 20. Qd3 g5 21. Bf3 {0-1 (51) Loew,G (2273)-Hirn,O (2212) Fuerth 2015}) 17. a5 Nd4 18. Rc1 Be6 19. b4 {[%cal Bb2b4,Bb4b5][%mdl 32]} Qc7 20. f4 Nc6 21. Qd2 Rf7 22. b5 Nd4 23. Bxd4 exd4 24. Qd3 Bd7 25. Qb3 Rbf8 26. Nxd7 Qxd7 27. bxa6 bxa6 28. Qb6 e5 (28... g5 {is more complex.} 29. fxg5 Qa4 30. Rxf7 Rxf7 31. Qxa6 Qa3) 29. fxe5 ({White should try} 29. f5 $11) 29... Bxe5 $15 {[%cal Bg7e5,Be5g3,Bg3f4][%mdl 32]} 30. c5 dxc5 {[#] Hoping for ...d3.} ({But not} 30... Bxg3 $6 31. c6 $14) 31. Qxc5 Bxg3 32. Rxf7 Qxf7 (32... Rxf7 {seems wilder.} 33. Qc8+ Kg7 34. Qxd7 Rxd7 35. Bf1 Bf4) 33. Qd5 (33. Rf1 $1 $15 Bf2+ 34. Kh1) 33... Bf4 $17 34. Qxf7+ Rxf7 {KRB-KRB} (34... Kxf7 $142 35. Rc6 Be3+ 36. Kf1 d3) 35. Rc8+ Kg7 36. Bf3 d3 37. Kf2 (37. Rd8 $17 {keeps fighting.}) 37... Bc7 $19 38. Ke3 Bxa5 {[#] Strongly threatening ...Bb6+.} 39. Ra8 $2 (39. Rc6) 39... Bb4 {Precision: White = 52%, Black = 56%.} (39... Bb6+ $142 40. Kxd3 Rxf3+ 41. Kc4 g5 42. Rxa6 Be3) 0-1

[Event "1st Gujarat GM Open 2018"]
[Site "Ahmedabad"]
[Date "2018.10.11"]
[Round "9"]
[White "Ansh M Shah"]
[Black "Utsab Chatterjee"]
[Result "0-1"]
[WhiteElo "1912"]
[BlackElo "2149"]
[Annotator "TA"]
[PlyCount "158"]
[EventDate "2018.10.05"]
[EventType "swiss"]
[EventCountry "IND"]
[SourceTitle "playchess.com"]
[Source "ChessBase"]
[SourceQuality "1"]

{[%evp 16,158,-4,-7,-5,-10,-5,-20,-16,-28,-18,-8,-2,-4,0,0,2,-4,0,0,0,0,0,0,30,22,23,0,0,-6,0,0,5,0,35,20,21,13,0,0,0,0,0,0,14,14,10,10,5,8,66,72,89,0,0,0,0,0,0,0,0,0,0,-8,0,-4,-6,-6,-8,-8,-8,-9,-8,-31,-17,-33,-8,-58,-8,-8,-8,-8,-8,-8,-8,-8,0,-77,-82,-78,-79,-62,-72,-86,-91,-600,-584,-2039,-2108,-1379,-4859,-5102,-4906,-1281,-905,-884,-875,-872,-865,-29981,-29982,-29984,-29985,-29985,-29986,-29986,-29987,-29987,-29988,-29989,-29989,-29989,-29981,-29981,-29980,-29982,-29983,-29983,-29983,-29982,-29982,-29984,-29983,-29983,-29984,-29984,-29985,-29985,-29986,-29990,-29991,-29991,-29992,-29992,-29989]} 1. d4 d5 2. c4 e6 3. Nc3 Nf6 4. Nf3 Be7 5. e3 O-O 6. Bd3 b6 7. O-O Bb7 8. Qc2 dxc4 9. Bxc4 c5 {E14: Queen's Indian: Classical Variation (4 e3)} 10. Rd1 Qc7 $146 ({Predecessor:} 10... Bxf3 11. gxf3 cxd4 12. Rxd4 Qc7 13. Bd2 Nc6 14. Rh4 Ne5 15. Be2 Qc6 16. Rh3 Rac8 17. Rc1 {0-1 (44) Tibensky,R (2427)-Timoscenko,G (2500) Slovakia 1999}) 11. Nb5 {[%cal Bc3b5,Bb5d6,Bd6c4,Bc4e5,Be5d3,Bd3f4][%mdl 32]} Qc6 {The position is equal.} 12. Bf1 Nbd7 13. dxc5 Qxc5 14. Qxc5 Bxc5 15. b3 a6 16. Nd6 Bd5 17. Nc4 Ne4 18. Bb2 b5 19. Nce5 Ndf6 20. Nd3 Be7 21. Nf4 Bb7 22. Rac1 Rac8 23. Ne5 Rxc1 24. Rxc1 {Strongly threatening Rc7.} Bc5 25. Nfd3 Bb6 26. Be2 Rc8 27. Rxc8+ Bxc8 28. Nb4 Bb7 29. Nbc6 Kf8 30. a4 bxa4 31. bxa4 Ke8 32. Nb4 Nc5 (32... a5 $1 $11 33. Nc2 Nd6) 33. Bd4 $1 $14 {And now Nc4 would win.} Nxa4 {[#]} 34. Bxb6 (34. Bd1 $1 $16 {[%cal Rd1a4]} Nc5 35. Nc4) 34... Nxb6 $11 35. Bxa6 Bxa6 36. Nxa6 $16 {[%mdl 4096] Endgame KNN-KNN} Ne4 37. Nb4 f6 38. Ned3 Nc3 39. Nc2 Nc4 40. Nc5 Ke7 41. f3 Kd6 42. Nd3 f5 43. Kf2 e5 44. Nde1 Nb2 45. g4 Nbd1+ 46. Kg2 Nd5 47. e4 Nf4+ 48. Kg3 fxe4 49. fxe4 Nc3 50. Kf3 Nh3 51. Ne3 (51. Na3 $11 {remains equal.}) 51... Ng5+ $17 52. Kg2 {[#]} Ke6 $1 53. Nd3 Ncxe4 54. Nf5 g6 55. h4 $2 {[%mdl 8192]} (55. Ne3 $17) 55... gxf5 $19 56. gxf5+ Kxf5 57. hxg5 Nxg5 {KN-KN} 58. Kg3 Ne6 59. Nb4 Nd4 60. Nd5 e4 61. Ne3+ Kg5 {( -> ...Nf5+)} 62. Ng2 Nf5+ {Black mates.} 63. Kf2 Kg4 64. Ne1 h5 {[%cal Bh7h5,Bh5h4,Bh4h3][%mdl 32]} 65. Nc2 h4 66. Kg2 h3+ 67. Kh2 Kh4 68. Nb4 Nd4 69. Nd5 Nf3+ 70. Kh1 Kg3 71. Ne3 Ng5 72. Kg1 Kf3 73. Nf5 e3 {[%cal Be4e3,Be3e2][%mdl 32]} 74. Nd4+ Ke4 75. Ne2 Kd3 76. Nf4+ Kd2 77. Kf1 Nf3 78. Nxh3 e2+ 79. Kf2 Nh4 {Precision: White = 49%, Black = 59%.} 0-1

[Event "1st Gujarat GM Open 2018"]
[Site "Ahmedabad"]
[Date "2018.10.11"]
[Round "9"]
[White "Umang, Kaisary"]
[Black "Ramnathan, Balasubramaniam"]
[Result "1-0"]
[WhiteElo "1869"]
[BlackElo "2142"]
[Annotator "TA"]
[PlyCount "53"]
[EventDate "2018.10.05"]
[EventType "swiss"]
[EventCountry "IND"]
[SourceTitle "playchess.com"]
[Source "ChessBase"]
[SourceQuality "1"]

{[%evp 16,52,50,31,52,25,42,35,53,21,73,61,59,39,116,0,0,-16,-5,10,68,78,89,85,447,446,424,374,441,436,421,429,406,420,359,195,29995,29996,29999]} 1. e4 e5 2. Nf3 Nf6 3. Nxe5 d6 4. Nf3 Nxe4 5. d4 d5 6. Bd3 Be7 7. O-O O-O 8. Re1 Nf6 9. h3 b6 {C42: Petroff Defence: 3 Nxe5 and unusual White 3rd moves} (9... h6 10. Bf4 c5 11. dxc5 Bxc5 12. Nc3 Nc6 13. a3 Bd6 14. Qd2 Bxf4 15. Qxf4 Be6 16. Nb5 Rc8 17. Nfd4 Nxd4 18. Nxd4 Qb6 19. b4 Bd7 20. Re3 g5 21. Re7 Rfe8 22. Qe5 Rf8 23. Qe3 Rfe8 {½-½ (23) Tarlev,K (2564)-Annaberdiyev,B (2214) Mersin 2018}) 10. c3 Bb7 $146 ({Predecessor:} 10... c5 11. Bg5 Be6 12. Ne5 h6 13. Bh4 Re8 14. Nd2 Nfd7 15. Bxe7 Rxe7 16. Ndf3 Nxe5 17. Nxe5 Nd7 18. Nc6 Qe8 19. f4 {1-0 (19) Roselli Mailhe,B-Matonte,M Piriapolis 1987}) 11. Nbd2 c5 {White is slightly better.} 12. Ne5 a6 (12... Nbd7 $11) 13. Ndf3 Nc6 14. Bf4 Bd6 {[#]} (14... Ne4 $14) 15. Rc1 (15. Bg5 $1 $16) 15... Qc7 $11 16. c4 dxc4 17. Bxc4 {Threatens to win with Ng5.} Rad8 ({Black should try} 17... b5 $11 18. dxc5 Bxe5 19. Nxe5 bxc4) 18. Qe2 $36 {[%mdl 2048] Black must now prevent Nxf7. Black is under strong pressure.} b5 19. Nxf7 {[%cal Be5f7,Bf7d8,Bd8e6][%mdl 32]} Bxf4 $4 {[%mdl 8192]} (19... Rxf7 $16 {is a better chance.} 20. Bxd6 Qxd6 21. Bxf7+ Kxf7) 20. Nxd8+ $18 bxc4 21. Qxc4+ Kh8 22. Ne6 Qb8 23. Nxf8 Bxc1 24. Qf7 ({Weaker is} 24. Rxc1 Qxf8 25. dxc5 Qa8 $18) 24... Bh6 25. d5 (25. dxc5 $142 Na5 26. Nd7) 25... Nd8 $2 {[#]} (25... Nd4 $18) 26. Re8 $1 {[%csl Gf7][%cal Rf8g6][%mdl 512]} Nxf7 (26... Nxe8 27. Qxe8) 27. Ng6# {Precision: White = 45%, Black = 25%.} 1-0